00569nam a2200241Ia 4500008004100000020001300041050001000054050001400064100001700078245002600095245001700121260001000138260001700148260000900165300001600174300002800190300001000218500002000228650002300248650002600271700001100297999001900308170711s9999 xx 000 0 und d a21847398 a372.4 bF631 2001 aFlood, James aMcGraw-Hill reading / cJames Flood. aUSA : bMcGraw Hill, c2001 a766 pages : bcolored illustrations ; c29cm. aIncludes index. aReaders (Primary). aReading (Elementary). aTitle. c339866d339866